Echelle de mot, de sucer jusqu'à finir - Statistiques

Statistiques générales
  • Ce quiz a été pris 1 008 fois
  • Le résultat moyen est 18 sur 29
Statistiques - réponses
Hint Réponse % Correct
On le fait avec une sucette sucer
100%
l'objectif final finir
92%
Donner du goût aux fraises (+1 lettre) sucrer
92%
couronnement (-1 lettre) sacre
86%
crasseux (-1 lettre) sale
86%
outil de l'écrivain plume
84%
couronner sacrer
84%
pour nager plus vite palme
82%
paisible (+1 lettre) calme
80%
dans un navire cale
79%
épée sabre
79%
désert sable
77%
le serment du jeu ... paume
74%
se termine finit
71%
il y en a deux aux échecs fou
65%
sanctionne punit
65%
faire en familier (+1 lettre) fout
55%
envers le Christ foi
54%
tonneau (-1 lettre) fut
54%
meilleur quand il est gras (-1 lettre) foie
49%
nuage pluie
46%
on en gagne aux cartes (-1 lettre) plie
42%
silencieux (+1 lettre) muet
41%
qui se métamorphose mut
39%
entre les USA et le Mexique (+1 lettre) muret
33%
indécence folie
32%
lisse (+1 lettre) polie
32%
arme munit
28%
croît murit
23%
Aucun quiz correspondant
Distribution des résultats
% des personnes avec chaque résultat
Percentile par nombre de réponses
Votre historique - résultats
Vous n’avez pas pris ce quiz